Энергосбережение в новых высокотемпературных теплотехнологических процессах: межвузовский тематический сборник

Bibliografiset tiedot
Yhteisötekijä: Московский энергетический институт (МЭИ)
Muut tekijät: Ключников А. Д.
Kieli:venäjä
Julkaistu: Москва, Изд-во МЭИ, 1985
Sarja:Научные труды [МЭИ] № 66
Aiheet:
Aineistotyyppi: Kirja
KOHA link:https://koha.lib.tpu.ru/cgi-bin/koha/opac-detail.pl?biblionumber=280961

MARC

LEADER 00000nam0a2200000 4500
001 280961
005 20250211063207.0
035 |a (RuTPU)RU\TPU\book\304545 
035 |a RU\TPU\book\304544 
090 |a 280961 
100 |a 20150116d1985 k y0rusy5003 ca 
101 0 |a rus 
102 |a RU 
105 |a a z 001zy 
200 1 |a Энергосбережение в новых высокотемпературных теплотехнологических процессах  |e межвузовский тематический сборник   |f Московский энергетический институт (МЭИ) ; гл. ред. А. Д. Ключников 
210 |a Москва  |c Изд-во МЭИ  |d 1985 
215 |a 105 с.  |c ил. 
225 1 |a Научные труды [МЭИ]  |v № 66 
320 |a Библиогр. в конце статей 
500 1 0 |a Труды Московского энергетического института  |9 88841 
606 |a Теплотехника  |x Энергосбережение  |2 stltpush  |3 (RuTPU)RU\TPU\subj\71434  |9 85341 
610 1 |a энергетика 
610 1 |a теплотехнологические процессы 
610 1 |a высокотемпературные процессы 
610 1 |a энергосбережение 
610 1 |a тепловые схемы 
610 1 |a разработка 
675 |a 621.1.016  |v 3 
702 1 |a Ключников  |b А. Д.  |4 651 
712 0 2 |a Московский энергетический институт (МЭИ)  |c (1930-1992)  |3 (RuTPU)RU\TPU\col\20092 
801 0 |a RU  |b RuMRKP  |c 19950704  |g psbo 
801 1 |a RU  |b 63413507  |c 20070814  |g PSBO 
801 2 |a RU  |b 63413507  |c 20170616  |g PSBO 
942 |c BK